000 00655nam a2200265Ia 4500
005 20260306164040.0
008 008 260114s9999 xx 000 0 eng d
020 _a9781526185150
037 _aEBOOK
040 _aCRL
040 _beng
040 _cCRL
041 _2eng
041 _aeng
084 _qCRL
100 _aCháirez-garza
_91129897
245 0 _aRethinking Untouchability: The Political Thought Of B. R. Ambedkar
260 _bManchester University Press
260 _c2024
650 _aPhilosophy
856 _uhttps://academic.oup.com/book/58721
942 _cEBOOK
999 _c1712542
_d1712542